The Macintosh iLife' 04 in the classroom (CD-ROM)

The book with practical guidance to help you integrate digital media into your classroom routine

Gorde:
Xehetasun bibliografikoak
Egile nagusia: Heir, Jim
Formatua: Liburua
Hizkuntza:Undetermined
Argitaratua: Berkely Peachpit 2004
Gaiak:
Etiketak: Etiketa erantsi
Etiketarik gabe, Izan zaitez lehena erregistro honi etiketa jartzen!
Thư viện lưu trữ: Trung tâm Học liệu Trường Đại học Cần Thơ
LEADER 00623nam a2200205Ia 4500
001 CTU_217931
008 210402s9999 xx 000 0 und d
082 |a 006.7 
082 |b H465 
100 |a Heir, Jim 
245 4 |a The Macintosh iLife' 04 in the classroom (CD-ROM) 
245 0 |c Jim Heir 
260 |a Berkely 
260 |b Peachpit 
260 |c 2004 
520 |a The book with practical guidance to help you integrate digital media into your classroom routine 
650 |a Web sites,Web 
650 |x Design,Thiết kế 
904 |i Nguyên 
980 |a Trung tâm Học liệu Trường Đại học Cần Thơ